| 000 | 00423nam a22001697a 4500 | ||
|---|---|---|---|
| 003 | NUST - PNEC | ||
| 005 | 20170116181158.0 | ||
| 008 | 160121b xxu||||| |||| 00| 0 eng d | ||
| 020 | _a- | ||
| 040 | _cLIBRARY | ||
| 082 | _a954.91 DEP | ||
| 100 |
_916157 _aDffence export |
||
| 245 |
_aIdeas 2014 Pakistan Arms for Peace _cDffence export |
||
| 260 | _cc2014. | ||
| 650 |
_916158 _aPakistan _xGeneral |
||
| 942 |
_2ddc _cBK |
||
| 999 |
_c71335 _d71335 |
||